| Tag |
First Indicator |
Second Indicator |
Subfields |
| LEADER |
00000nam a2200000Ia 4500 |
| 001 |
in00004244607 |
| 005 |
20200807092953.0 |
| 006 |
m g d |
| 007 |
cr bn |||a|bb| |
| 008 |
850319s1647 stk ol 00| | eng d |
| 035 |
|
|
|a (OCoLC)11824675
|
| 040 |
|
|
|a EAA
|c EAA
|d m/c
|d EAA
|d WaOLN
|
| 037 |
|
|
|a CL0037000025
|b ProQuest Information and Learning. 300 N. Zeeb Rd., Ann Arbor, MI 48106
|
| 043 |
|
|
|a e-uk-st
|
| 045 |
1 |
|
|b d16461103
|b d16470327
|
| 049 |
|
|
|a UMIA
|
| 110 |
1 |
|
|a Scotland.
|
| 240 |
1 |
0 |
|a Laws, etc.
|
| 245 |
1 |
0 |
|a Acts done and past in the sixth session of the first triennial Parliament of our soveraigne Lord Charles ... :
|b holden at Edinburgh, beginning the third of November 1646, and ending the twenty seventh of March 1647.
|
| 260 |
|
|
|a Edinburgh :
|b Printed by Evan Tyler ...,
|c 1647.
|
| 300 |
|
|
|a 1 online resource ([2], 78, [12] pages)
|
| 336 |
|
|
|a text
|b txt
|2 rdacontent
|
| 337 |
|
|
|a computer
|b c
|2 rdamedia
|
| 338 |
|
|
|a online resource
|b cr
|2 rdacarrier
|
| 500 |
|
|
|a Signed: Alex Gibsone cler. registri.
|
| 500 |
|
|
|a Includes tables of acts.
|
| 500 |
|
|
|a Reproduction of original in Huntington Library.
|
| 510 |
4 |
|
|a Wing
|c S1164
|
| 533 |
|
|
|a Electronic reproduction.
|b Ann Arbor, Mich. :
|c UMI,
|d 1999-
|f (Early English books online)
|n Digital version of: (Early English books, 1641-1700 ; 822:24)
|7 s1999 miun s
|
| 650 |
|
0 |
|a Law
|z Scotland.
|
| 651 |
|
0 |
|a Scotland
|x Politics and government
|y 1625-1649
|v Sources.
|
| 710 |
1 |
|
|a Scotland.
|b Parliament.
|
| 830 |
|
0 |
|a Early English books online.
|
| 856 |
4 |
0 |
|u http://proxy.library.tamu.edu/login?url=https://search.proquest.com/docview/2240858021
|z Connect to the full text of this electronic book
|t 0
|
| 999 |
f |
f |
|s 74eca6aa-ade9-3c90-8c28-c0708994df24
|i c38b15b3-008f-3887-8a47-82ed421d9fb5
|t 0
|
| 952 |
f |
f |
|a Texas A&M University
|b College Station
|c Electronic Resources
|d Available Online
|t 0
|h No information provided
|
| 998 |
f |
f |
|t 0
|l Available Online
|